Programy nauczania języka polskiego jako obcego
| Titel: | Programy nauczania języka polskiego jako obcego / oprac. przez Komisję Ekspertów Ministerstwa Edukacji Narodowej ; pod red. Władysława Miodunki |
|---|---|
| Beteiligt: | |
| Ausgabe: | Wyd. 2. |
| Veröffentlicht: | Kraków : Wydawn. JB, 1993 |
| Umfang: | 185 Seiten ; 21 cm |
| Format: | Buch |
| Sprache: | Polnisch |
| Hinweise zum Inhalt: |
Inhaltsverzeichnis
|
X
alg: 41561624 001A $03004:09-08-17 001B $01999:21-11-24 $t08:37:14.000 001D $03004:09-08-17 001U $0utf8 001X $00 002@ $0Aau 002C $aText $btxt $2rdacontent 002D $aohne Hilfsmittel zu benutzen $bn $2rdamedia 002E $aBand $bnc $2rdacarrier 003@ $0415616247 003O $0319062747 $aOCoLC 007A $0415616247 $aHEB 007G $0DE0208624D8E8E57DDF7EC125817D002B9CDB 009P $qapplication/pdf $A2 $3Inhaltsverzeichnis $uhttp://scans.hebis.de/HEBCGI/show.pl?41561624_toc.pdf $mV:DE-603;B:DE-Mb50 010@ $apol 011@ $a1993 $n1993 013D $RBildungsplanung $RCurriculum $RHeimlicher Lehrplan $RStoffverteilungsplan $#Education Curricula $#Programmes d'études $#Programas de estudio $#curriculum $#Lehrplan $#Lehrplan $#Bildungsplan Lehrplan $#Rahmenrichtlinie Formschlagwort $#Lehrpläne $74035117-8 $8Lehrplan [Ts1] $9085094706 021A $aProgramy nauczania języka polskiego jako obcego $hoprac. przez Komisję Ekspertów Ministerstwa Edukacji Narodowej ; pod red. Władysława Miodunki 028C $#Miodunka, Władysław T. $7103272399 $8Miodunka, Władysław$Z1945- [Tp1] $9138691878 032@ $aWyd. 2. 033A $pKraków $nWydawn. JB 034D $a185 Seiten 034I $a21 cm 037A $aIncludes bibliographical references 044K $RUnterricht $RPolnisch $#Polnischdidaktik $#Polnisch Didaktik $#Polnisch Unterricht $74175075-5 $8Polnischunterricht [Ts1] $9085818283 045A $aPG6066 lok: 41561624 24 exp: 41561624 24 1 #EPN 201B/01 $009-08-17 $t13:44:50.000 201C/01 $009-08-17 201U/01 $0utf8 203@/01 $01005844976 208@/01 $a09-08-17 $bz 209A/01 $a17.04587 $du $f050 $h17 04587 $x00 209C/01 $a17.04587 T $h17 04587 T 209G/01 $a73544637 $x00 220C/01 $ajwa 247C/01 $8358050-7Marburg, Bibliothek des Herder-Instituts Marburg $9102600961
| LEADER | 00000cam a2200000 c 4500 | ||
|---|---|---|---|
| 001 | 415616247 | ||
| 003 | DE-603 | ||
| 005 | 20241121083714.0 | ||
| 007 | tu | ||
| 008 | 170809s1993 xx |||| | u00||u|pol c | ||
| 035 | |a (DE-599)HEB415616247 | ||
| 035 | |a (OCoLC)319062747 | ||
| 040 | |a DE-603 |b ger |c DE-603 |d DE-603 | ||
| 041 | |a pol | ||
| 050 | 0 | |a PG6066 | |
| 245 | 0 | 0 | |a Programy nauczania języka polskiego jako obcego |c oprac. przez Komisję Ekspertów Ministerstwa Edukacji Narodowej ; pod red. Władysława Miodunki |
| 250 | |a Wyd. 2. | ||
| 264 | 1 | |a Kraków |b Wydawn. JB |c 1993 | |
| 300 | |a 185 Seiten |c 21 cm | ||
| 336 | |a Text |b txt |2 rdacontent | ||
| 337 | |a ohne Hilfsmittel zu benutzen |b n |2 rdamedia | ||
| 338 | |a Band |b nc |2 rdacarrier | ||
| 500 | |a Includes bibliographical references | ||
| 650 | 7 | |a Polnischunterricht |0 (DE-588)4175075-5 |0 (DE-603)085818283 |2 gnd | |
| 655 | 7 | |a Lehrplan |2 gnd-content |0 (DE-588)4035117-8 |0 (DE-603)085094706 | |
| 700 | 1 | |a Miodunka, Władysław |d 1945- |0 (DE-603)138691878 |0 (DE-588)103272399 |2 gnd | |
| 856 | 4 | 2 | |m V:DE-603;B:DE-Mb50 |q application/pdf |u http://scans.hebis.de/HEBCGI/show.pl?41561624_toc.pdf |3 Inhaltsverzeichnis |
| 924 | 0 | |9 Mb 50 |a (DE-603)1005844976 |b DE-Mb50 |c HES |d c |g 17.04587 | |


